Enseñar matemáticas a alumnos con necesidades educativas especiales

محفوظ في:
التفاصيل البيبلوغرافية
المؤلف الرئيسي: Martínez Montero, Jaime (autor)
التنسيق: كتاب
اللغة:الإسبانية
منشور في: Barcelona Cisspraxis 2002
الطبعة:1a. ed
سلاسل:Educación al Día - Educación Especial
الموضوعات:
الوسوم: إضافة وسم
لا توجد وسوم, كن أول من يضع وسما على هذه التسجيلة!

MARC

LEADER 00000nam a2200000 a 4500
001 UCK2910
003 CL-VaPUC
008 050324e20020000SP |||||||||||||||||spa|d
020 |a 8471977281 
082 0 4 |a 371.90447  |b MAR  |2 21 
100 |a Martínez Montero, Jaime  |e autor  |9 566563 
245 1 0 |a Enseñar matemáticas a alumnos con necesidades educativas especiales 
250 |a 1a. ed 
300 |a 249 p 
942 |c BK 
945 |d 20050324 00:00:00  |a cmena 
260 |a Barcelona  |b Cisspraxis  |c 2002 
650 0 |a Educación especial  |9 307486 
650 0 |a Matemáticas  |x Enseñanza  |9 875527 
650 0 |a Métodos de enseñanza  |9 270413 
650 0 |a Educación básica   |9 224933 
583 |a last modification  |c 20050324 00:00:00  |k Rodrigo Vera 
490 0 |a Educación al Día - Educación Especial 
999 |c 312301  |d 312299 
952 |0 0  |1 0  |4 0  |6 371_904470000000000_MAR_2002  |7 0  |8 A  |9 382368  |a BIBEDU  |b BIBEDU  |c ES_NOD  |d 2019-11-21  |i 410353K  |l 1  |m 1  |o 371.90447 MAR 2002  |p 410353K  |r 2023-08-09  |s 2023-06-16  |w 2019-11-21  |y BK  |k EDI